000 00624nam a22002537a 4500
003 UA-OsUOA
001 28423
007 ta
008 20050323b un ||||| |||| 00| 0 ukr d
100 _aМалиновский Б.
090 _a008:316.73
_bМ19
942 _cBK
040 _aUA-OsUOA
_brus
_cUA-OsUOA
_dUA-OsUOA
245 _aИзбранное: Динамика культуры
300 _a959 с.
_bІлюстрації
955 _a0
041 _arus
080 _a008:316.73
020 _a5-8243-0504-8
260 _aМ.
_bРОССПЭН
_c2004
044 _aRU
650 7 _2UDC
999 _c314790
_d314790